000 00598nam a22002297a 4500
003 UA-OsUOA
001 97240
007 ta
008 20130327b un ||||| |||| 00| 0 ukr d
100 _aОкпевко І.
090 _a821.111
_bО-51
942 _cBK
040 _aUA-OsUOA
_bukr
_cUA-OsUOA
_dUA-OsUOA
245 _aОстанній обов'язок
_bроман
300 _a255 с.
955 _a3
041 _aukr
080 _a821.111
260 _aК.
_bДніпро
_c1983
650 7 _a82 Література. Літературознавство
_2UDC
999 _c383490
_d383490